Sonnensystem nach Buchstabe - Statistiken

Allgemein
  • Dieses Quiz wurde 293 mal gespielt
  • Das Durchschnittsergebnis liegt bei 15 aus 26
Antwortstatistiken
Hint Antwort % Korrekt
E: Planet im Sonnensystem Erde
100%
J: Größter Planet im Sonnensystem Jupiter
100%
M: Planet im Sonnensystem Mars/Merkur
100%
N: Planet im Sonnensystem Neptun
100%
S: Planet im Sonnensystem Saturn
95%
P: Zwergplanet im Sonnensystem Pluto
92%
U: Planet im Sonnensystem Uranus
92%
V: Planet im Sonnensystem Venus
89%
Z: Pluto ist ein... Zwergplanet
89%
I: Jupitermond Io/Iocaste/Isonoe
76%
T: Größter Saturnmond Titan
68%
G: größter Jupitermond Ganymed
59%
W: Die Sonne wird irgendwann ein Weißer Zwerg
59%
K: zweitgrößter Jupitermond Kallisto
57%
C: Plutomond Charon
46%
A: viertgrößte Uranusmond Ariel
43%
H: Zwergplanet im Sonnensystem Haumea
43%
R: zweitgrößter Saturnmond Rhea
43%
O: zweitgrößter Uranusmond Oberon
38%
D: viertgrößte Saturnmond Dione
32%
Q: transneptunisches Objekt (TNO) Quaoar
22%
B: Uranusmond Belinda/Bianca
19%
F: Uranusmond Francisco/Ferdinand
19%
L: Neptunmond Larissa/Laomedeia
19%
Y: Saturnmond Ymir
19%
X: Lunar X ist auch bekannt als X-Illusion
8%
Keine übereinstimmenden Quizze gefunden
Verteilung der Resultate
Anzahl Personen mit jedem Resultat
Perzentil nach korrekt beantworteten Fragen
Ihre Resultats-Entwicklung
Sie haben dieses Quiz noch nicht gespielt